000 00883nam0a22002291i 4500
001 rc\1046498
005 20240723204452.0
035 _a(NLR Aleph) 006208593
090 _a6344025
_c6344025
100 _a20041129d1981 u |0rusy50 ca
101 0 _arus
102 _aRU
105 _ay |||||||||
200 1 _aВосточное Забайкалье в первой половине II тыс. н. э.
_e(По материалм погребений)
_eАвтореф. дис. на соиск. учен. степ. к. и. н.
210 _aНовосибирск
_d1981
215 _a19 с.
300 _aВ надзаг.: АН СССР, СО, Ин-т истории, филологии и философии
700 1 _aНемеров
_bВ.Ф.
_gВалерий Федорович
801 0 _aRU
_bNLR
_gpsbo
801 1 _aRU
_bELAR
_2rusmarc
852 _aNLR
_j83-4/32525
942 _cBOOK